00601nam a2200181 a 4500001000900000005001700009008004100026020001500067040001800082050002200100245007500122260003800197300004100235650004700276650004200323700003300365700002100398BRCA_95720190320203225.0880120s1988 nyua---##c---#000-0#eng-# a0810916983 aDLCcDLCdDLC 4aNK2408b.T74 198810a397 chairscessay by Arthur C. Danto ; photographs by Jennifer Lévy. aNueva YorkbHarry N. Abramsc1988 a96 p.bil. (algunas a color)c26 cm.14aSillasxHistoriaySiglo XXzEstados Unidos14aMueblesxExposicioneszEstados Unidos1 aDanto, Arthur Colemand1924-1 aLévy, Jennifer